00468nam a22001577a 450000500170000001000150001702000110003203500140004303700220005708200080007910000240008724500550011126000390016627000850020530000200029020230801114737.0 aENG-137596 c100.00 aEN-121128 bJ.V. Publications a821 aChandramouli,Raamaa aInto A Crowded Aloneness /cby Raamaa Chandramouli aHyderabadbJ.V. Publicationsc2016 aFlat No.103, Jaya Apartments, 3-6-18, Himayatnagar, HyderabadbHyderabade500029 a85p.b21cm(pbk)